Ancient rhetorics for contemporary students / (Record no. 53267)

MARC details
000 -LEADER
fixed length control field 00578nam a22001697a 4500
008 - FIXED-LENGTH DATA ELEMENTS--GENERAL INFORMATION
fixed length control field 180731b xxu||||| |||| 00| 0 eng d
020 ## - INTERNATIONAL STANDARD BOOK NUMBER
International Standard Book Number 9780205574438
050 ## - LIBRARY OF CONGRESS CALL NUMBER
Classification number PE1408
Item number .C76 2008
100 ## - MAIN ENTRY--PERSONAL NAME
Personal name Crowley, Sharon,
245 ## - TITLE STATEMENT
Title Ancient rhetorics for contemporary students /
Statement of responsibility, etc Sharon Crowley, Arizone State University, Debra Hawhee,
250 ## - EDITION STATEMENT
Edition statement Fourth edition
260 ## - PUBLICATION, DISTRIBUTION, ETC. (IMPRINT)
Place of publication, distribution, etc New York :
Name of publisher, distributor, etc Pearson Education, Inc.,
Date of publication, distribution, etc c2009.
300 ## - PHYSICAL DESCRIPTION
Extent xvii, 462 p.:
Other physical details illustrations ;
Dimensions 25 cm
650 ## - SUBJECT ADDED ENTRY--TOPICAL TERM
Topical term or geographic name as entry element English language
General subdivision Rhetoric
650 ## - SUBJECT ADDED ENTRY--TOPICAL TERM
Topical term or geographic name as entry element Rhetoric, Ancient
942 ## - ADDED ENTRY ELEMENTS (KOHA)
Source of classification or shelving scheme Library of Congress Classification
Item type Book
Holdings
Withdrawn status Lost status Source of classification or shelving scheme Damaged status Not for loan Collection code Home library Current library Shelving location Date acquired Source of acquisition Cost, normal purchase price Full call number Barcode Copy number Price effective from Koha item type
    Library of Congress Classification     Non-fiction Bishop Okullu Memorial Library (Limuru Campus) Bishop Okullu Memorial Library (Limuru Campus) General Circulation 31/07/2018 Donation 2589.00 PE1408 .C76 2008 059515 1 31/07/2018 Book